000 00622nam a2200193 i 4500
001 63434
003 ES-MaACL
005 20230906164851.0
007 t|
008 031210s1943 sp ||||1| spa d
100 1 _aFerrer, Ricardo.
_950435
245 1 0 _aConstrucciones rurales /
_cpor Ricardo Ferrer.
260 _aBarcelona :
_bAraluce,
_c[1943] (
_fMyria)
300 _a329 p. :
_bil. ;
_c19 cm.
490 1 _aWan Dober. Biblioteca de artes aplicadas y de industrias
830 0 _aWan Dober. Biblioteca de artes aplicadas y de industrias
_9182889
852 _aES-MaACL
_jD-1482
_bR.23670
999 _c63434
_d63434